| 000 | 00370nam a2200145Ia 4500 | ||
|---|---|---|---|
| 008 | 230917s9999||||xx |||||||||||||| ||und|| | ||
| 040 |
_e40770 _aMAIN |
||
| 041 | _aEnglish | ||
| 082 | _a823.8 F774D:E | ||
| 100 | _aDalal, D S | ||
| 245 | 2 | _aA critique E M forsters: a passage to India | |
| 260 |
_aKarnal _bSidharth Publication _c1989 |
||
| 300 | _a111 p. | ||
| 942 | _cBK | ||
| 999 |
_c63273 _d63273 |
||